000 00209nam a22000857a 4500
008 170112b xxu||||| |||| 00| 0 eng d
100 _92368
_aPal.Y.etal.
245 _aSee Biology-IX
260 _aNew Delhi
_bArya
_c2010
999 _c5346
_d5346